000 00314nam a22001337a 4500
008 170907b xxu||||| |||| 00| 0 eng d
020 _a9780205510870
041 _aeng
080 _23RD
_a91
100 _a42
101 _aGJEO
245 _aAN INTRODUCTION TO NATIVE NORTH AMERICA
_cSUTTON,M.Q
942 _2udc
_cBK
999 _c26617
_d26617